[Event "Giugliano op 5th"]
[Site "Giugliano"]
[Date "2010.09.26"]
[Round "4"]
[White "Scola, Enrico"]
[Black "Fusco, Ferdinando"]
[Result "1-0"]
[WhiteElo "1696"]
[BlackElo "1693"]
[PlyCount "64"]
[EventDate "2010.09.24"]
[EventType "swiss"]
[EventRounds "5"]
[EventCountry "ITA"]
[SourceTitle "EXT 2024"]
[Source "ChessBase"]
[SourceDate "2023.10.10"]
[SourceVersion "1"]
[SourceVersionDate "2023.10.10"]
[SourceQuality "1"]

1. e4 c5 2. c3 d6 3. d4 cxd4 4. cxd4 Nc6 5. Nf3 g6 6. Nc3 Bg7 7. Bb5 a6 8. Ba4 Bd7 9. 0-0 Nf6 10. Re1 0-0 11. h3 Rc8 12. Bg5 b5 13. Bc2 b4 14. Nd5 e6 15. Ne3 Qc7 16. Rc1 Qb7 17. Nc4 Ne8 18. d5 Nb8 19. b3 f6 20. dxe6 Bb5 21. Bf4 Bxc4 22. bxc4 Qe7 23. Bb3 Nc6 24. c5 Ne5 25. Bxe5 fxe5 26. Qd3 dxc5 27. Qd7 Rc7 28. Qxe7 Rxe7 29. Rxc5 Rxf3 30. gxf3 Nc7 31. Rxc7 Rxc7 32. e7+ Kh8 1-0

[Event "Giugliano op 5th"]
[Site "Giugliano"]
[Date "2010.09.24"]
[Round "1"]
[White "Fusco, Ferdinando"]
[Black "Bianco, Raffaele"]
[Result "0-1"]
[WhiteElo "1693"]
[BlackElo "2090"]
[PlyCount "57"]
[EventDate "2010.09.24"]
[EventType "swiss"]
[EventRounds "5"]
[EventCountry "ITA"]
[SourceTitle "EXT 2024"]
[Source "ChessBase"]
[SourceDate "2023.10.10"]
[SourceVersion "1"]
[SourceVersionDate "2023.10.10"]
[SourceQuality "1"]

1. d4 Nf6 2. c4 g6 3. Nc3 Bg7 4. e4 d6 5. f4 0-0 6. Nf3 c5 7. d5 e6 8. Be2 exd5 9. exd5 Bf5 10. 0-0 Re8 11. Nh4 Ne4 12. Nxf5 gxf5 13. Nxe4 fxe4 14. f5 Bd4+ 15. Kh1 Qf6 16. Bf4 Kh8 17. g4 h6 18. Qe1 Nd7 19. Qg3 Be5 20. Rab1 Bxf4 21. Rxf4 Re5 22. h4 Rg8 23. g5 hxg5 24. Rg1 Qh6 25. Rf2 Nf6 26. Rh2 g4 27. Bd1 Nh5 28. Qc3 g3 29. Rh3 0-1